| 000 | 00552cam a22002171 4500 | ||
|---|---|---|---|
| 001 | sa 65008016 | ||
| 003 | DLC | ||
| 005 | 20260227112152.0 | ||
| 008 | 890920s1961 ii 000 0 beno | ||
| 010 | _asa 65008016 | ||
| 035 | _a(OCoLC)20374709 | ||
| 040 |
_aDLC _cWaU _dDLC |
||
| 042 | _apremarc | ||
| 050 | 0 | 0 |
_aPK1718.D355 _bZ6 |
| 100 | 1 | _aChattopadhyaya, Sudhakar. | |
| 245 | 1 | 0 | _aAmara anubādaka Satyendranātha. |
| 260 | _c[1961] | ||
| 300 |
_a6, 233 p. _c22 cm. |
||
| 500 | _aIn Bengali. | ||
| 600 | 1 | 0 |
_aDatta, Satyendranath, _d1882-1922. |
| 999 |
_c65487 _d65487 |
||